| 000 | 01211nam a2200349 i 4500 | ||
|---|---|---|---|
| 001 | 10768 | ||
| 003 | KOSZ 005 | ||
| 005 | 20191028082244.0 | ||
| 008 | 071101s1968 pl a g f 001 0 pol | ||
| 015 | _aPB 1968/904 | ||
| 040 |
_aWA N _cKOSZ 005/HR _dKOSZ 005/HR |
||
| 046 | _k1968 | ||
| 080 | _a517.3 | ||
| 080 | _a 517.95 | ||
| 080 | _a(075.8) | ||
| 100 | 1 |
_aLeitner, Roman _d(1914-2008). _eAutor |
|
| 245 | 1 | 0 |
_aZarys matematyki wyższej dla inżynierów. _nCz. 3, _pRachunek całkowy, równania różniczkowe zwyczajne / _cRoman Leitner. |
| 246 | 3 | 0 | _aRachunek całkowy, równania różniczkowe zwyczajne. |
| 260 |
_aWarszawa : _bWydawnictwa Naukowo-Techniczne, _cdr. 1968. |
||
| 300 |
_a313, [1] s. : _bil. ; _c24 cm. |
||
| 380 | _aKsiążki | ||
| 385 |
_mPoziom nauczania _aSzkoły wyższe |
||
| 388 | _a1901-2000 | ||
| 504 | _aIndeks. | ||
| 658 | _aMatematyka | ||
| 655 | 4 | _aPodręczniki akademickie | |
| 650 | 4 | _aRównania różniczkowe | |
| 650 | 4 | _aRachunek całkowy | |
| 710 | 2 |
_aWydawnictwa Naukowo-Techniczne _4pbl. |
|
| 856 |
_uhttp://koha.tu.koszalin.pl/cgi-bin/koha/opac-detail.pl?biblionumber=10768 _yKatalog online BPK |
||
| 942 |
_2UKD _cKS |
||
| 999 |
_c10768 _d10768 |
||